| 000 | 00673nam a2200145 a 4500 | ||
|---|---|---|---|
| 008 | 130125s2012 ||||||||||||||||| || u | ||
| 050 | _aTHESIS/MBA | ||
| 245 | 0 | 3 |
_aAn investigation of methods used to create a Livestock Disease Free Zone (LDFZ): a case of Mukushi district _cby Gelly S. Chikuni |
| 250 | _aChikuni, Gelly S. | ||
| 260 |
_aKitwe: _bCopperbelt University, School of Business, Department of Postgraduate studies _c2012 |
||
| 300 | _axv, 78p.: ill. | ||
| 500 | _aBibliography | ||
| 650 | _aLIVESTOCK DISEASE--MKUSHI DISTRICT | ||
| 995 |
_FCBU-MAIN LIBRARY (Kitwe) _M1 _UAVAILABLE _WJan 25, 2013 _ZUniversity Collection |
||
| 999 |
_c48232 _d48232 |
||